Normal view
MARC view
- الشعر الجاهلي - تاريخ ونقد
Entry Topical Term
001 - CONTROL NUMBER
- control field: 36004
003 - CONTROL NUMBER IDENTIFIER
- control field: JO-AjAnu
005 - DATE AND TIME OF LATEST TRANSACTION
- control field: 20230606080021.0
008 - FIXED-LENGTH DATA ELEMENTS
- fixed length control field: 230606|| aca||aabn | a|a d
040 ## - CATALOGING SOURCE
- Original cataloging agency: JO-AjAnu
- Transcribing agency: JO-AjAnu
150 ## - HEADING--TOPICAL TERM
- Topical term or geographic name entry element: الشعر الجاهلي - تاريخ ونقد
670 ## - SOURCE DATA FOUND
- Source citation: Work cat.: (JO-AjAnu)18487: مونرو، جيمس ؛ ترجمة وتقديم إبراهيم السنجلاوي ؛ يوسف الطراونة, author 36003, النظم الشفوي في شعر ما قبل الإسلام: مشكلة الموثوقية